[Event "Elit(Solna-LASK)"]
[Site "?"]
[Date "2008.12.05"]
[Round "3"]
[White "Dragicevic, Drazen"]
[Black "Steneskog, Per"]
[Result "1-0"]
[WhiteElo "2390"]
[BlackElo "2194"]
[PlyCount "123"]

1. c4 e6 2. Nf3 d5 3. g3 c5 4. cxd5 exd5 5. d4 Nc6 6. Bg2 Nf6 7. O-O Be7 8. Nc3
O-O 9. dxc5 Bxc5 10. a3 Bg4 11. b4 Bxf3 12. Bxf3 Bd4 13. Bb2 Ne4 14. Qc2 Nxc3
15. Bxc3 Qf6 16. Rac1 Bxc3 17. Qxc3 d4 18. Qc5 d3 19. Bxc6 dxe2 20. Rfe1 bxc6
21. Qxc6 Qf5 22. Qc5 Qd3 23. Qe3 Rad8 24. Rxe2 Qa6 25. Rc3 g6 26. Re1 Rd6 27.
Qc5 Rfd8 28. Rce3 Rd1 29. b5 Qb7 30. a4 Qd7 31. Qe7 Qxe7 32. Rxe7 Rxe1+ 33.
Rxe1 Rd4 34. Ra1 Rb4 35. Kf1 Rb2 36. Ra3 Kf8 37. Kg2 h5 38. h4 Rb4 39. Kf3 Ke7
40. Re3+ Kd6 41. Re4 Kc5 42. Re5+ Kd6 43. Re4 Kc5 44. Re7 Rxa4 45. Rxf7 Kxb5
46. Rg7 Ra6 47. Kf4 Ra4+ 48. Ke5 Ra6 49. f3 Kc4 50. g4 hxg4 51. fxg4 Kd3 52.
Kf4 Ke2 53. Kg5 Kf3 54. Rxg6 Ra4 55. Kh5 a5 56. Rc6 Re4 57. g5 Kf4 58. g6 Re8
59. g7 Kf5 60. Kh6 Re4 61. h5 Rg4 62. Rg6 1-0

[Event "Elit(Solna-LASK)"]
[Site "?"]
[Date "2008.12.05"]
[Round "3"]
[White "Bjarnehag, Peter"]
[Black "Bejtovic, Jasmin"]
[Result "0-1"]
[WhiteElo "2187"]
[BlackElo "2340"]
[PlyCount "62"]

1. d4 Nf6 2. c4 g6 3. g3 Bg7 4. Bg2 O-O 5. Nc3 c5 6. d5 d6 7. Nf3 e5 8. e4 b5
9. cxb5 a6 10. b6 Nfd7 11. O-O Nxb6 12. Re1 a5 13. Bf1 a4 14. Nd2 f5 15. exf5
gxf5 16. Nc4 Nxc4 17. Bxc4 Nd7 18. Nxa4 e4 19. Bf4 Ne5 20. Bxe5 Bxe5 21. Nc3
Rb8 22. Qd2 Qf6 23. Rac1 Bd7 24. b3 Rf7 25. Be2 Rb4 26. Bd1 Rd4 27. Qc2 Rd3 28.
Na4 Qh6 29. Be2 Rd2 30. Qb1 Bxa4 31. bxa4 Rb2 0-1

[Event "Elit(Skara-Upsala)"]
[Site "?"]
[Date "2008.12.06"]
[Round "4"]
[White "Lundvik, Jonas"]
[Black "Hillarp Persson, Tiger"]
[Result "1/2-1/2"]
[WhiteElo "2362"]
[BlackElo "2671"]
[PlyCount "127"]
[EventDate "2008.??.??"]
[SourceDate "2008.12.10"]

1. d4 Nf6 2. Nf3 d5 3. c4 c6 4. Qb3 e6 5. Nc3 a5 6. c5 Nbd7 7. Bf4 b6 8. cxb6
Nxb6 9. e3 a4 10. Qc2 a3 11. Ne5 Bd7 12. Be2 axb2 13. Qxb2 Ba3 14. Qb3 c5 15.
dxc5 Bxc5 16. Nb5 O-O 17. O-O Ra4 18. Nd3 Bxb5 19. Nxc5 Bxe2 20. Nxa4 Bxf1 21.
Nxb6 Be2 22. a4 d4 23. exd4 Qxd4 24. Qa2 Ba6 25. Be3 Qe4 26. Qb1 Qe5 27. h3 Rd8
28. Qe1 h6 29. Rd1 Rxd1 30. Qxd1 Qe4 31. Qd4 Qg6 32. Kh2 Bf1 33. g4 Ba6 34. Nc8
Bxc8 35. Qd8+ Kh7 36. Qxc8 Qe4 37. Qa6 h5 38. gxh5 Nd5 39. Qa7 Qe5+ 40. Kg2
Qxh5 41. a5 f5 42. Qd4 Qe2 43. Qe5 Nxe3+ 44. Qxe3 Qb5 45. Qb6 Qd5+ 46. Kg1 Qd1+
47. Kh2 Qe1 48. a6 Qe5+ 49. Kg1 Qe1+ 50. Kg2 Qe4+ 51. Kf1 f4 52. Qb7 Qd3+ 53.
Kg2 Qg6+ 54. Kf3 Qd3+ 55. Kxf4 Qxh3 56. Qe4+ Kh6 57. a7 g5+ 58. Ke5 Qc3+ 59.
Kxe6 Qb3+ 60. Kf6 Qb2+ 61. Ke6 Qb6+ 62. Kf5 Qxf2+ 63. Kg4 Qg1+ 64. Kf5 1/2-1/2

[Event "Elit(Skara-Upsala)"]
[Site "?"]
[Date "2008.12.06"]
[Round "4"]
[White "Cicak, Slavko"]
[Black "Johansson, Jan"]
[Result "1-0"]
[WhiteElo "2588"]
[BlackElo "2478"]
[PlyCount "89"]

1. e4 d6 2. d4 Nf6 3. Nc3 e5 4. Nge2 Nc6 5. h3 g6 6. Be3 Bg7 7. Qd2 O-O 8. d5
Ne7 9. g4 c6 10. Ng3 cxd5 11. exd5 Bd7 12. Bg2 Qa5 13. g5 Ne8 14. h4 Rc8 15.
O-O-O Nf5 16. Nxf5 Bxf5 17. Kb1 Nc7 18. Ne4 Qa6 19. Qb4 Rfd8 20. f3 b5 21. Bh3
Bxh3 22. Rxh3 Ne8 23. b3 Qb7 24. Rh2 Qd7 25. Qd2 Ra8 26. h5 Rdc8 27. hxg6 hxg6
28. Rdh1 Qf5 29. Qg2 a5 30. Qg4 a4 31. Bc1 Qxg4 32. fxg4 b4 33. Rf1 Rc7 34. Bd2
Rb8 35. Rhf2 Rb5 36. Nf6+ Kf8 37. bxa4 Rbb7 38. Kb2 Re7 39. Kb3 Nc7 40. Bxb4
Na6 41. c3 Rec7 42. a3 Bxf6 43. gxf6 Ke8 44. Rh2 Nc5+ 45. Kc2 1-0

[Event "Elit(Skara-Upsala)"]
[Site "?"]
[Date "2008.12.06"]
[Round "4"]
[White "Glimbrandt, Torbjorn"]
[Black "Djurhuus, Rune"]
[Result "0-1"]
[WhiteElo "2348"]
[BlackElo "2561"]
[PlyCount "58"]

1. d4 Nf6 2. c4 g6 3. Nc3 Bg7 4. e4 d6 5. Nf3 O-O 6. Be2 Na6 7. O-O e5 8. Be3
Ng4 9. Bg5 f6 10. Bc1 c6 11. h3 Nh6 12. Rb1 Nf7 13. b4 Nc7 14. b5 f5 15. dxe5
Nxe5 16. Bb2 Ne6 17. exf5 gxf5 18. Nxe5 dxe5 19. bxc6 bxc6 20. Ba3 Re8 21. Bh5
Qxd1 22. Rfxd1 Rd8 23. Rxd8+ Nxd8 24. Be7 Ne6 25. Be8 Nd4 26. Bc5 Be6 27. Bxd4
exd4 28. Bxc6 dxc3 29. Bxa8 Bh6 0-1

[Event "Elit(Skara-Upsala)"]
[Site "?"]
[Date "2008.12.06"]
[Round "4"]
[White "Andersson, Goran"]
[Black "Burwick, Malte"]
[Result "1-0"]
[WhiteElo "2304"]
[BlackElo "2302"]
[PlyCount "85"]
[SourceDate "2008.12.10"]

1. e4 g6 2. d4 Bg7 3. c4 d6 4. Nc3 e5 5. dxe5 dxe5 6. Qxd8+ Kxd8 7. Bg5+ f6 8.
O-O-O+ Bd7 9. Be3 Bh6 10. Be2 Bxe3+ 11. fxe3 h5 12. Nf3 Kc8 13. Rhf1 b6 14. c5
bxc5 15. Nd2 Bg4 16. Nb3 Bxe2 17. Nxe2 Nd7 18. Nc3 a5 19. Na4 c4 20. Nd2 h4 21.
Nxc4 Ne7 22. Rf2 h3 23. g4 Rh4 24. Rfd2 Nb8 25. Nc5 Nec6 26. Rf1 Na6 27. Rxf6
Nxc5 28. Rxc6 Nxe4 29. Rc2 Rxg4 30. b3 Rg1+ 31. Kb2 Ra7 32. Nxe5 a4 33. bxa4
Re1 34. Nc4 g5 35. a5 g4 36. a6 Kd8 37. Na5 Kd7 38. Nb7 Rxe3 39. Rxc7+ Ke8 40.
Nd6+ Nxd6 41. Rxa7 g3 42. hxg3 Rxg3 43. Rh7 1-0

[Event "Elit(Skara-Upsala)"]
[Site "?"]
[Date "2008.12.06"]
[Round "4"]
[White "Andersson, Fredrik"]
[Black "Eklund, Lars-Goran"]
[Result "0-1"]
[WhiteElo "2317"]
[BlackElo "2375"]
[PlyCount "66"]

1. d4 d5 2. Nf3 Nf6 3. c4 c6 4. Qb3 e6 5. Bg5 Be7 6. Nc3 a5 7. e3 O-O 8. Rd1 a4
9. Qc2 a3 10. c5 axb2 11. Qxb2 Qa5 12. Bd3 b6 13. Bxf6 gxf6 14. cxb6 Bb4 15.
Rc1 Ba3 16. Qc2 Bxc1 17. Qxc1 Ba6 18. Bb1 Rd8 19. Qc2 Kf8 20. Kd2 Nd7 21. Qxh7
Nxb6 22. Rc1 Nc4+ 23. Ke1 Rab8 24. g4 Na3 25. g5 Rxb1 26. Qh8+ Ke7 27. Qxf6+
Ke8 28. Qh8+ Kd7 29. Ne5+ Kc8 30. Qxd8+ Kxd8 31. Nxc6+ Kd7 32. Nxa5 Rxc1+ 33.
Kd2 Rc2+ 0-1

[Event "Elit(Skara-Upsala)"]
[Site "?"]
[Date "2008.12.06"]
[Round "4"]
[White "Friberg, Hans"]
[Black "Lindberg, Henrik"]
[Result "1/2-1/2"]
[WhiteElo "2280"]
[BlackElo "2320"]
[PlyCount "56"]

1. Nf3 c5 2. c4 Nf6 3. b3 d5 4. cxd5 Nxd5 5. Bb2 f6 6. d4 cxd4 7. Nxd4 e5 8.
Nc2 Bf5 9. Nd2 Bg6 10. a3 Nc6 11. g3 Bc5 12. Bg2 Bf7 13. O-O O-O 14. Rc1 Rc8
15. b4 Bb6 16. Nc4 Nc3 17. Bxc3 Bxc4 18. Qxd8 Rfxd8 19. Rfe1 a6 20. Ne3 Bxe3
21. fxe3 Bd5 22. Bh3 Rb8 23. Red1 Bb3 24. Rd3 Kf7 25. Bxe5 Rxd3 26. Bxb8 Rxe3
27. Kf2 Re8 28. Bd6 Bd5 1/2-1/2

[Event "Elit(Skara-Upsala)"]
[Site "?"]
[Date "2008.12.06"]
[Round "4"]
[White "Svensson, Mans"]
[Black "Mohammadi, Amir"]
[Result "0-1"]
[WhiteElo "2237"]
[BlackElo "2308"]
[PlyCount "112"]

1. d4 f5 2. Nf3 Nf6 3. c4 e6 4. Nc3 d5 5. Bf4 Bb4 6. Qa4+ Nc6 7. e3 O-O 8. Bd3
Ne4 9. Qc2 Ne7 10. a3 Bxc3+ 11. bxc3 b6 12. Ne5 Ng6 13. Nxg6 hxg6 14. O-O Bb7
15. cxd5 exd5 16. c4 Rc8 17. f3 Nf6 18. c5 Qe8 19. Rac1 c6 20. Rfe1 Qd7 21. a4
Rf7 22. Rb1 Qd8 23. Rb2 Nd7 24. Bd6 Qf6 25. Bg3 Re8 26. Bf2 Bc8 27. cxb6 axb6
28. a5 bxa5 29. Ra2 Rfe7 30. Rc1 Re6 31. Rxa5 Nf8 32. Ra7 Bd7 33. Qb2 R6e7 34.
Qb4 Qg5 35. h4 Qf6 36. Qb6 Ne6 37. Rxd7 Rxd7 38. Rxc6 Qf7 39. Bg3 Rb7 40. Qa6
Ra7 41. Qb6 Ra3 42. Bb5 Rxe3 43. Be5 Qe7 44. Rc1 Rd8 45. Ra1 Rb3 46. Qc6 Kh7
47. Ba4 Rb2 48. Qc1 Qb4 49. h5 Qd2 50. hxg6+ Kxg6 51. Qxd2 Rxd2 52. Rb1 Nxd4
53. Rb7 Ra8 54. Rxg7+ Kh6 55. Bd7 Ra1+ 56. Kh2 Nxf3+ 0-1

[Event "Elit(Skara-Upsala)"]
[Site "?"]
[Date "2008.12.06"]
[Round "4"]
[White "Svensson, Sven"]
[Black "Marttala, Thomas"]
[Result "0-1"]
[WhiteElo "2285"]
[BlackElo "2251"]
[PlyCount "52"]

1. d4 Nf6 2. c4 g6 3. Nc3 d5 4. Bg5 Ne4 5. Bh4 Nxc3 6. bxc3 Bg7 7. e3 c5 8. Nf3
O-O 9. cxd5 cxd4 10. cxd4 Qxd5 11. Bxe7 Re8 12. Bb4 Nc6 13. Bc3 Bg4 14. Be2
Bxf3 15. gxf3 Qg5 16. f4 Qg2 17. Bf3 Qh3 18. Rc1 Bxd4 19. Bxd4 Nxd4 20. Qxd4
Qxf3 21. Rg1 Rad8 22. Qc3 Qxf4 23. Rg3 Qf5 24. Ke2 Rc8 25. Qd2 Rxc1 26. Qxc1
Rc8 0-1

[Event "Elit(Vasteras-LASK)"]
[Site "?"]
[Date "2008.12.06"]
[Round "4"]
[White "Tikkanen, Hans"]
[Black "Norberg, Johan"]
[Result "1-0"]
[WhiteElo "2468"]
[BlackElo "2386"]
[PlyCount "47"]

1. d4 d6 2. Nf3 g6 3. c4 Bg7 4. Nc3 Nf6 5. e4 O-O 6. Be2 e5 7. O-O Nc6 8. d5
Ne7 9. Ne1 Nd7 10. Nd3 f5 11. Bd2 Nf6 12. f3 f4 13. c5 g5 14. cxd6 cxd6 15. Nf2
Rf7 16. Qc2 Ng6 17. Rfc1 Ne8 18. a4 h5 19. h3 Bf8 20. Nb5 a6 21. Na3 Nh4 22.
Qd1 g4 23. fxg4 hxg4 24. hxg4 1-0

[Event "Elit(Vasteras-LASK)"]
[Site "?"]
[Date "2008.12.06"]
[Round "4"]
[White "Sjodahl, Pontus"]
[Black "Semcesen, Daniel"]
[Result "1/2-1/2"]
[WhiteElo "2494"]
[BlackElo "2446"]
[PlyCount "45"]

1. d4 b6 2. c4 Bb7 3. Nc3 e6 4. a3 f5 5. f3 Bd6 6. Nh3 Nf6 7. e3 O-O 8. Bd2 Na6
9. b4 c5 10. Qb3 Qb8 11. bxc5 Bxh2 12. cxb6 axb6 13. Ne2 Bc7 14. Nhf4 Qc8 15.
Rc1 Rb8 16. Nd3 Qe8 17. Nb4 Nxb4 18. Bxb4 Rf7 19. Nc3 Bg3+ 20. Kd2 d5 21. cxd5
Nxd5 22. Nxd5 Bxd5 23. Bc4 1/2-1/2

[Event "Elit(Vasteras-LASK)"]
[Site "?"]
[Date "2008.12.06"]
[Round "4"]
[White "Grandelius, Nils"]
[Black "Akesson, Ralf"]
[Result "1/2-1/2"]
[WhiteElo "2554"]
[BlackElo "2541"]
[PlyCount "93"]

1. d4 Nf6 2. c4 e6 3. Nf3 d5 4. g3 Bb4+ 5. Bd2 Be7 6. Bg2 O-O 7. O-O c6 8. Qc2
b6 9. Rd1 Nbd7 10. b3 Bb7 11. Nc3 Rc8 12. e4 dxe4 13. Ng5 c5 14. dxc5 Nxc5 15.
Ncxe4 Bxe4 16. Nxe4 Ncxe4 17. Bxe4 Qd4 18. Bb7 Rcd8 19. Bb4 Qxd1+ 20. Rxd1 Bxb4
21. Bf3 a5 22. Rd3 h5 23. Qe2 Rxd3 24. Qxd3 Bc5 25. Kf1 Re8 26. h3 Re7 27. Bc6
g6 28. Qd8+ Kg7 29. a3 e5 30. b4 axb4 31. axb4 Bxb4 32. Qxb6 Bc3 33. Qb1 Bd4
34. Kg2 Rc7 35. Bd5 Rd7 36. Qb3 Rc7 37. f4 exf4 38. gxf4 Bc5 39. Kf3 Re7 40.
Qb5 Rc7 41. Bc6 Bd4 42. c5 Re7 43. Qc4 Bg1 44. Bd5 h4 45. c6 Bb6 46. Qc3 Bc7
47. Bb3 1/2-1/2

[Event "Elit(Vasteras-LASK)"]
[Site "?"]
[Date "2008.12.06"]
[Round "4"]
[White "Eriksson, Anders"]
[Black "Olsson, Linus"]
[Result "1-0"]
[WhiteElo "2370"]
[BlackElo "2443"]
[PlyCount "31"]
[EventDate "2008.??.??"]

1. Nf3 d5 2. g3 Nc6 3. d4 Bf5 4. Bg2 Nb4 5. Na3 e6 6. O-O c6 7. c3 Na6 8. Qb3
Qb6 9. Nh4 Bg4 10. e4 dxe4 11. Bxe4 Be7 12. Nc4 Qxb3 13. axb3 Rc8 14. Na5 Nf6
15. Bg2 Nd7 16. Nxb7 1-0

[Event "Elit(Vasteras-LASK)"]
[Site "?"]
[Date "2008.12.06"]
[Round "4"]
[White "Smith, Axel"]
[Black "Nygren, Kim"]
[Result "1-0"]
[WhiteElo "2429"]
[BlackElo "2317"]
[PlyCount "129"]

1. e4 c5 2. Nf3 Nc6 3. d4 cxd4 4. Nxd4 e5 5. Nb5 a6 6. Nd6+ Bxd6 7. Qxd6 Qf6 8.
Qxf6 Nxf6 9. Nc3 Nb4 10. Kd2 d5 11. a3 d4 12. axb4 dxc3+ 13. Ke3 Be6 14. f3 O-O
15. Ra3 Rfc8 16. Rxc3 Rxc3+ 17. bxc3 b5 18. Bb2 Nd7 19. c4 bxc4 20. Bc3 f6 21.
Be2 Rc8 22. g3 Rc6 23. f4 exf4+ 24. gxf4 f5 25. Bf3 fxe4 26. Bxe4 Rd6 27. Ra1
g6 28. Bb7 Nb6 29. Be5 Nd5+ 30. Bxd5 Rxd5 31. Rxa6 Bf5 32. Ra2 g5 33. Rb2 gxf4+
34. Kxf4 Bd7 35. c3 Kf7 36. Ra2 Rd1 37. Ra7 Ke6 38. Ra6+ Kf7 39. Rf6+ Ke7 40.
Rh6 Rf1+ 41. Ke4 Bf5+ 42. Kd5 Bd3 43. b5 Rb1 44. Kc5 Rg1 45. Ra6 Rg5 46. Kd5
Bf1 47. Ra7+ Kd8 48. Rf7 Bg2+ 49. Ke6 Bh3+ 50. Kd6 Rg6+ 51. Kc5 Bd7 52. Bf6+
Ke8 53. Re7+ Kd8 54. Bh4 Kc8 55. Rxh7 Re6 56. Kxc4 Rb6 57. Rh5 Be8 58. Rc5+ Kb7
59. Re5 Bd7 60. Kb4 Rg6 61. Bg3 Rg4+ 62. c4 Bc8 63. Re7+ Ka8 64. b6 Bd7 65. b7+
1-0

[Event "Elit(Vasteras-LASK)"]
[Site "?"]
[Date "2008.12.06"]
[Round "4"]
[White "Nilsson, Andre"]
[Black "Dragicevic, Drazen"]
[Result "1-0"]
[WhiteElo "2330"]
[BlackElo "2390"]
[PlyCount "189"]

1. g3 c5 2. Bg2 g6 3. e4 Bg7 4. f4 Nc6 5. Nf3 e6 6. O-O Nge7 7. d3 O-O 8. Nc3
Rb8 9. Be3 Nd4 10. e5 Nef5 11. Bf2 d6 12. Ne4 dxe5 13. Nxe5 f6 14. Nf3 b6 15.
c3 Nxf3+ 16. Qxf3 e5 17. fxe5 fxe5 18. Qe2 Ba6 19. Rad1 Qe7 20. g4 Nd6 21. Nxd6
Qxd6 22. Be3 Rxf1+ 23. Qxf1 Rf8 24. Qe2 Bb5 25. Be4 Bc6 26. Qg2 Bxe4 27. Qxe4
Qf6 28. b3 h6 29. c4 Kh7 30. Qg2 Qe6 31. Qe4 Rf4 32. Bxf4 Qxg4+ 33. Kf2 Qxd1
34. Bxe5 Qd2+ 35. Kg1 Qg5+ 36. Bg3 Bd4+ 37. Kg2 Qd2+ 38. Kh3 Bg7 39. Bf4 Qd1
40. Kg2 Qc2+ 41. Kf3 Qxa2 42. Bxh6 Bxh6 43. Qe7+ Bg7 44. Qh4+ Kg8 45. Qd8+ Bf8
46. Qd5+ Kh8 47. Qd8 Kg7 48. Qd7+ Kf6 49. Qc6+ Kf7 50. Qd5+ Ke8 51. Qa8+ Ke7
52. Qb7+ Kd6 53. Qb8+ Kd7 54. Qxf8 Qxh2 55. Qf7+ Kc8 56. Qxg6 Qh3+ 57. Ke4 Qh1+
58. Ke5 Qa1+ 59. Kf4 Qc1+ 60. Ke4 Kb7 61. Qf5 Qh1+ 62. Ke5 Qa1+ 63. Kd6 Ka6 64.
Qc8+ Ka5 65. Qc6 Kb4 66. Qb5+ Kc3 67. b4 Kxd3 68. bxc5 Qd4+ 69. Kc6 bxc5 70.
Qb3+ Kd2 71. Kb5 Qd6 72. Qa2+ Kc3 73. Qa1+ Kb3 74. Qxa7 Kc3 75. Qa3+ Kd4 76.
Qa1+ Ke4 77. Qh1+ Ke5 78. Qh5+ Ke6 79. Qxc5 Qd1 80. Qc6+ Ke7 81. Qe4+ Kd7 82.
Qf5+ Kc7 83. Qf7+ Kb8 84. Qg8+ Kc7 85. Qg7+ Kb8 86. Kc5 Kc8 87. Qf8+ Kc7 88.
Qe7+ Kc8 89. Qe6+ Kc7 90. Qc6+ Kd8 91. Qd6+ Qxd6+ 92. Kxd6 Kc8 93. Kc6 Kb8 94.
Kd7 Kb7 95. c5 1-0

[Event "Elit(Vasteras-LASK)"]
[Site "?"]
[Date "2008.12.06"]
[Round "4"]
[White "Nilsson, Sebastian"]
[Black "Janse, Rasmus"]
[Result "1-0"]
[WhiteElo "2327"]
[BlackElo "2198"]
[PlyCount "91"]

1. e4 e6 2. d4 d5 3. Nc3 dxe4 4. Nxe4 Nd7 5. Bd3 Ngf6 6. Qe2 Be7 7. Nf3 c5 8.
Nxf6+ Nxf6 9. dxc5 Qa5+ 10. Bd2 Qxc5 11. O-O-O a6 12. Ne5 O-O 13. g4 b5 14. h4
Bb7 15. g5 Bxh1 16. gxf6 Bxf6 17. Nd7 Qd4 18. Nxf6+ Qxf6 19. Rxh1 Rac8 20. h5
Rfd8 21. Kb1 Rd5 22. Qe4 Qf5 23. Qe3 Qg4 24. h6 g6 25. Re1 Qd4 26. Qg3 Rh5 27.
Qf3 Rd5 28. Re4 Qc5 29. Qf6 Qf8 30. Rh4 Rc4 31. Rh1 Rg4 32. a3 e5 33. Bb4 Rf4
34. Qxf4 exf4 35. Bxf8 Kxf8 36. Kc1 Ke7 37. Kd2 Kf6 38. Ke2 Ke5 39. Kf3 Rd4 40.
Re1+ Kf6 41. Re8 Kg5 42. Re7 Kf6 43. Ra7 Ra4 44. b3 Rxa3 45. Bxb5 Kg5 46. Rxa6
1-0

[Event "Elit(Vasteras-LASK)"]
[Site "?"]
[Date "2008.12.06"]
[Round "4"]
[White "Norberg, Erik"]
[Black "Bejtovic, Jasmin"]
[Result "1-0"]
[WhiteElo "2292"]
[BlackElo "2340"]
[PlyCount "76"]

1. g3 g6 2. Bg2 Bg7 3. c4 e5 4. Nc3 Nc6 5. d3 d6 6. e4 Nge7 7. Nge2 O-O 8. O-O
Be6 9. Nd5 Qd7 10. Rb1 Rae8 11. b4 f5 12. b5 Nd8 13. f4 c6 14. bxc6 bxc6 15.
Nxe7+ Qxe7 16. Qa4 fxe4 17. dxe4 Bg4 18. Re1 exf4 19. gxf4 Bh6 20. Be3 Bxe2 21.
Rxe2 Bxf4 22. Qxa7 Bxe3+ 23. Qxe3 Qe5 24. Rd2 Ne6 25. Rbd1 Rd8 26. Kh1 Rf4 27.
Qg3 Nc5 28. Rf2 Rxf2 29. Qxf2 Rb8 30. Rf1 Qg7 31. e5 Qxe5 32. Qf7+ Kh8 33. Bxc6
Ne6 34. Qe7 Nf4 35. Qxe5+ dxe5 36. a4 Nd3 37. Bb5 e4 38. Kg2 Nc5 1-0

[Event "Elit(Solna-Limhamn)"]
[Site "?"]
[Date "2008.12.06"]
[Round "4"]
[White "Brynell, Stellan"]
[Black "Lindberg, Bengt"]
[Result "1-0"]
[WhiteElo "2573"]
[BlackElo "2414"]
[PlyCount "37"]

1. d4 Nf6 2. c4 e6 3. Nf3 b6 4. g3 Ba6 5. Qc2 Bb7 6. Bg2 c5 7. d5 exd5 8. cxd5
Nxd5 9. O-O Be7 10. Rd1 Qc8 11. a3 Nf6 12. Bg5 d5 13. Bxf6 Bxf6 14. Nc3 Qe6 15.
Nxd5 Na6 16. Qa4+ Kf8 17. Nxf6 Qxf6 18. Ne5 Qxe5 19. Bxb7 1-0

[Event "Elit(Solna-Limhamn)"]
[Site "?"]
[Date "2008.12.06"]
[Round "4"]
[White "Bergstrom, Christer"]
[Black "Ahlander, Bjorn"]
[Result "0-1"]
[WhiteElo "2363"]
[BlackElo "2530"]
[PlyCount "54"]

1. Nf3 Nf6 2. c4 e6 3. d4 d5 4. g3 dxc4 5. Bg2 Nc6 6. Qa4 Bb4+ 7. Bd2 Nd5 8.
Ne5 Bd7 9. Nxd7 Qxd7 10. Bxb4 Ncxb4 11. Qxd7+ Kxd7 12. Kd2 b5 13. Nc3 Rab8 14.
Ne4 Rhd8 15. Rhc1 Ke7 16. Ke1 Nb6 17. a3 Nc6 18. e3 Na5 19. Nc5 Nd7 20. Nxd7
Rxd7 21. Rc2 c5 22. dxc5 Nb3 23. Ra2 Rbd8 24. Bf3 Nxc5 25. Bc6 Rd1+ 26. Ke2 Nb3
27. a4 b4 0-1

[Event "Elit(Solna-Limhamn)"]
[Site "?"]
[Date "2008.12.06"]
[Round "4"]
[White "Hector, Jonny"]
[Black "Karlsson, Tomas"]
[Result "1-0"]
[WhiteElo "2616"]
[BlackElo "2287"]
[PlyCount "85"]

1. e4 e6 2. d4 d5 3. e5 c5 4. c3 Nc6 5. Nf3 Qb6 6. Bd3 cxd4 7. O-O Bd7 8. Re1
Nge7 9. h4 h6 10. h5 a6 11. Bc2 dxc3 12. Nxc3 Qc7 13. Bf4 b5 14. Rc1 Qb7 15.
Nh2 Rc8 16. Ng4 Na5 17. Qf3 Nc4 18. b3 Nb6 19. Ne2 Nc6 20. Bb1 Bb4 21. Red1 Be7
22. Be3 b4 23. Qg3 Na7 24. f4 Nb5 25. Qf2 Bd8 26. Bc5 Na8 27. Bxb4 Bb6 28. Bc5
Rxc5 29. Rxc5 Bxc5 30. Qxc5 Qa7 31. Rc1 Bc6 32. a4 Qxc5+ 33. Rxc5 Na7 34. Nd4
Kd7 35. f5 Rb8 36. f6 gxf6 37. Nxf6+ Kc7 38. g4 Nb6 39. g5 Nd7 40. Nxd7 Kxd7
41. gxh6 Bxa4 42. h7 Nb5 43. Nc6 1-0

[Event "Elit(Solna-Limhamn)"]
[Site "?"]
[Date "2008.12.06"]
[Round "4"]
[White "Johansson, Gunnar"]
[Black "Schneider, Stefan"]
[Result "0-1"]
[WhiteElo "2282"]
[BlackElo "2451"]
[PlyCount "86"]

1. d4 d5 2. Nf3 Nf6 3. c4 c6 4. e3 Bf5 5. cxd5 cxd5 6. Nc3 e6 7. Ne5 Nfd7 8.
Qb3 Qc7 9. Bd2 Nc6 10. Rc1 Ndxe5 11. dxe5 Bb4 12. Bb5 Bxc3 13. Bxc3 O-O 14. O-O
Rfc8 15. Bxc6 Qxc6 16. Qa3 Qc4 17. b3 Qe2 18. Qb2 Qxb2 19. Bxb2 Bc2 20. f3 Rc6
21. Kf2 Rac8 22. Ke2 Kf8 23. Kd2 Ke8 24. b4 Rc4 25. a3 Kd7 26. Bd4 b6 27. g4 g5
28. f4 Bd3 29. Rxc4 dxc4 30. Rf2 gxf4 31. exf4 Kc6 32. Kc3 Kd5 33. f5 Ke4 34.
fxe6 fxe6 35. Rf7 Rd8 36. Bf2 Be2 37. Bg3 Rd3+ 38. Kc2 Rxa3 39. Rxh7 c3 40. Rd7
Bb5 41. Rd6 Ba4+ 42. Kb1 c2+ 43. Kb2 Ra1 0-1

[Event "Elit(Solna-Limhamn)"]
[Site "?"]
[Date "2008.12.06"]
[Round "4"]
[White "Jepson, Christian"]
[Black "Steneskog, Per"]
[Result "1-0"]
[WhiteElo "2444"]
[BlackElo "2194"]
[PlyCount "79"]

1. c4 e6 2. Nf3 d5 3. d4 c5 4. cxd5 exd5 5. Nc3 Nc6 6. Bg5 Be7 7. Bxe7 Ngxe7 8.
e3 c4 9. e4 dxe4 10. Ng5 Qxd4 11. Qxd4 Nxd4 12. O-O-O Nec6 13. Bxc4 O-O 14.
Ngxe4 Be6 15. Bxe6 Nxe6 16. Rd7 b6 17. Rhd1 Rfd8 18. Nb5 a6 19. Rxd8+ Rxd8 20.
Rxd8+ Ncxd8 21. Nbd6 Nc6 22. Kd2 Kf8 23. a4 Ncd4 24. Kd3 Nb3 25. Kc3 Nbc5 26.
Nxc5 Nxc5 27. b3 Nd7 28. Kd4 Ke7 29. Kd5 Nc5 30. a5 Nxb3 31. axb6 Kd7 32. Nxf7
Na5 33. Ng5 Nc6 34. Nxh7 Nb4+ 35. Kc4 Nc2 36. Kc5 Ne1 37. Nf8+ Kd8 38. Kc6 Nd3
39. b7 Nb4+ 40. Kd6 1-0

[Event "Elit(Solna-Limhamn)"]
[Site "?"]
[Date "2008.12.06"]
[Round "4"]
[White "Dalmau, Jorgen"]
[Black "Nylen, Anders"]
[Result "1-0"]
[WhiteElo "2237"]
[BlackElo "2242"]
[PlyCount "115"]

1. e4 c5 2. Nf3 d6 3. d4 cxd4 4. Nxd4 Nf6 5. Nc3 a6 6. Be3 e5 7. Nb3 Be6 8. f3
Nbd7 9. g4 Be7 10. Qd2 Rc8 11. O-O-O Qc7 12. g5 Nh5 13. Qf2 O-O 14. h4 Nf4 15.
Bxf4 exf4 16. Bh3 Nb6 17. Nd4 Bxh3 18. Rxh3 Qc5 19. Qg1 g6 20. Qg4 Qb4 21. a3
Qa5 22. Nb3 Qe5 23. Nd5 Nxd5 24. Rxd5 Qe6 25. Qg2 Qd7 26. h5 Qa4 27. Kb1 Qd7
28. Qh2 Bd8 29. Rh4 a5 30. Rxf4 a4 31. hxg6 fxg6 32. Rxf8+ Kxf8 33. Rxd6 Qf7
34. Nd4 Kg8 35. f4 Be7 36. Rd7 Rd8 37. Rxd8+ Bxd8 38. Qd2 Bc7 39. f5 gxf5 40.
Nxf5 Qe6 41. Qd4 Be5 42. Qxa4 Kf7 43. Qb5 b6 44. Qd3 Bh8 45. Qh3 Qe5 46. Qxh7+
Ke6 47. Qh6+ Kd7 48. Qxb6 Qxe4 49. Qa7+ Ke6 50. Ng7+ Bxg7 51. Qxg7 Qe1+ 52. Ka2
Qc1 53. Qf6+ Kd7 54. Qf5+ Kd6 55. g6 Ke7 56. g7 Qd1 57. g8=Q Qd5+ 58. Qgxd5 1-0

[Event "Elit(Solna-Limhamn)"]
[Site "?"]
[Date "2008.12.06"]
[Round "4"]
[White "Penalver, Osmani"]
[Black "Bjarnehag, Peter"]
[Result "1/2-1/2"]
[WhiteElo "2271"]
[BlackElo "2187"]
[PlyCount "80"]

1. d4 Nf6 2. c4 a6 3. Nc3 c5 4. d5 b5 5. Qc2 b4 6. Nd1 g6 7. e4 d6 8. Bd3 Bg7
9. f4 O-O 10. Nf3 e6 11. O-O exd5 12. exd5 Bg4 13. Bd2 Nbd7 14. h3 Bxf3 15.
Rxf3 a5 16. Nf2 a4 17. Re1 a3 18. b3 Qc7 19. g4 Rae8 20. Rxe8 Rxe8 21. Nh1 Kh8
22. Ng3 Qd8 23. Kg2 Ng8 24. g5 f5 25. h4 Ne7 26. h5 Kg8 27. Rf1 Nf8 28. Re1 Nc8
29. Rh1 Ne7 30. Qb1 Qa8 31. hxg6 hxg6 32. Qd1 Qb7 33. Qf3 Qa8 34. Re1 Qd8 35.
Qe2 Kf7 36. Qf1 Nc8 37. Re2 Rxe2+ 38. Qxe2 Qe8 39. Qf3 Ne7 40. Qe2 Qd7 1/2-1/2

[Event "Elit(Solna-Limhamn)"]
[Site "?"]
[Date "2008.12.06"]
[Round "4"]
[White "Landgren, Andreas"]
[Black "Holst, Conny"]
[Result "0-1"]
[WhiteElo "2207"]
[BlackElo "2239"]
[PlyCount "74"]

1. d4 Nf6 2. c4 c5 3. d5 e6 4. Nc3 exd5 5. cxd5 d6 6. Nf3 g6 7. h3 Bg7 8. e4
O-O 9. Bd3 a6 10. a4 Nbd7 11. O-O Re8 12. Re1 Qc7 13. Be3 Rb8 14. Rc1 Qd8 15.
Nd2 Ne5 16. Bf1 c4 17. Bxc4 Nxc4 18. Nxc4 b5 19. axb5 axb5 20. Nd2 b4 21. Na4
Nxe4 22. Nxe4 Rxe4 23. Bb6 Qe8 24. Rxe4 Qxe4 25. Bc7 Rb5 26. Qf1 Qxd5 27. Nb6
Rxb6 28. Bxb6 Bb7 29. Rd1 Qe4 30. f3 Qf4 31. b3 Be5 32. Qd3 Bc8 33. Bd4 Qh2+
34. Kf1 Bg3 35. Qb5 Qh1+ 36. Bg1 Bxh3 37. gxh3 Qxf3+ 0-1

[Event "Elit(Orgryte-Farsta)"]
[Site "?"]
[Date "2008.12.06"]
[Round "4"]
[White "Ong, Kezli"]
[Black "Ziegler, Ari"]
[Result "0-1"]
[WhiteElo "2328"]
[BlackElo "2434"]
[PlyCount "79"]
[SourceDate "2008.12.10"]

1. e4 e6 2. d4 d5 3. Nc3 Nf6 4. Bg5 Be7 5. e5 Nfd7 6. Bxe7 Qxe7 7. f4 O-O 8.
Nf3 c5 9. Qd2 Nc6 10. dxc5 Qxc5 11. O-O-O f6 12. exf6 Nxf6 13. Bd3 Rb8 14. Kb1
b5 15. Rhe1 b4 16. Na4 Qa5 17. b3 Bd7 18. Qf2 Nd8 19. Nc5 Bc8 20. Ng5 Rb6 21.
Na4 Rc6 22. Qh4 h6 23. Nf3 Rc7 24. g4 Nf7 25. g5 Ne4 26. Bxe4 dxe4 27. Rxe4 Bb7
28. Re3 Bxf3 29. Rxf3 Qf5 30. Rdd3 Rfc8 31. Qf2 Rxc2 32. Qxc2 Rxc2 33. Kxc2
hxg5 34. fxg5 Qxg5 35. Rg3 Qh5 36. Rh3 Qe2+ 37. Rd2 Qe4+ 38. Kc1 Qf4 39. Nb2
Qf1+ 40. Kc2 0-1